000 00653nam a22001817a 4500
003 UA-OsUOA
001 9874
007 ta
008 20041129b un ||||| |||| 00| 0 ukr d
100 _aБондаренко Ю.
942 _cSA
040 _aUA-OsUOA
_cUA-OsUOA
_dUA-OsUOA
245 _aРелігійна модель історії в поемі Івана Франка " Мойсей "
_bФормування історичної свідомості школярів на уроках літератури
300 _aС.19-24
955 _a0
773 0 _w0
_tДИВОСЛОВО
_d2004
_dN11
650 7 _aЛітературознавство
_2UDC
999 _c296035
_d296035